000 00513nam a22001817a 4500
003 OSt
005 20141122172124.0
008 141104b1988 slv spa
020 _a980-215-044-X
040 _cBMC
082 _a978.7
100 1 _927733
_aSubero, Efraín
_d1931-2007
245 1 0 _aCaracas de par en par
_cEfraín Subero
260 _a[Caracas]
_bErnesto Armitano, Editor
_c1988
300 _a131 p.
_bprincipalmente il. col.
_c31 cm
651 2 4 _927732
_aCaracas
_xDescripción
942 _2ddc
_cBK
999 _c15369
_d15369